000
00265nam a22001217a 4500
082
_a
030
_b
CLA/B
100
_a
CLARK CHAMP
245
_a
THE BADLANDS
260
_a
ALEXANDRIA
_b
TIME LIFE BOKS
300
_a
184
650
_a
GENERAL KNOWLEDGE
_z
ALEXANDRIA
942
_c
BK
999
_c
2965
_d
2965